|
|
|
|
| LEADER |
00000nam0a2200000 4500 |
| 001 |
207309 |
| 005 |
20231101225406.0 |
| 010 |
|
|
|a 9785394013805
|
| 035 |
|
|
|a (RuTPU)RU\TPU\book\226112
|
| 090 |
|
|
|a 207309
|
| 100 |
|
|
|a 20120123d2012 m y0rusy50 ca
|
| 101 |
0 |
|
|a rus
|
| 102 |
|
|
|a RU
|
| 105 |
|
|
|a a j 001zy
|
| 200 |
1 |
|
|a Теория принятия решений и управление рисками в финансовой и налоговой сферах
|e учебное пособие
|f А. И. Новиков, Т. И. Солодкая
|
| 210 |
|
|
|a Москва
|c Дашков и К
|d 2012
|
| 215 |
|
|
|a 288 с.
|c ил.
|
| 225 |
1 |
|
|a Учебные издания для бакалавров
|
| 320 |
|
|
|a Библиогр.: с. 284.
|
| 330 |
|
|
|a В учебном пособии рассматриваются основы теории принятия рисковых решений, финансовая математика, методы оценки и анализа рисков инвестиционных проектов. Отдельные темы посвящены определению риска финансовых активов, портфельному анализу и ценообразованию на финансовых рынках, методам снижения риска, в том числе хеджированию с помощью опционов, а также анализу финансовой устойчивости и риска фирмы на основе эффекта рычага. По всем темам приведены примеры с подробным решением. Для студентов бакалавриата и специалитета, обучающихся по направлению подготовки "Экономика", а также преподавателей экономических вузов.
|
| 606 |
1 |
|
|a Финансовые риски
|2 stltpush
|3 (RuTPU)RU\TPU\subj\37210
|9 58315
|
| 610 |
1 |
|
|a финансы
|
| 610 |
1 |
|
|a принятие решений
|
| 610 |
1 |
|
|a финансовый менеджмент
|
| 610 |
1 |
|
|a финансовая математика
|
| 610 |
1 |
|
|a финансовые операции
|
| 610 |
1 |
|
|a инвестиционные проекты
|
| 610 |
1 |
|
|a оценка
|
| 610 |
1 |
|
|a долгосрочные инвестиции
|
| 610 |
1 |
|
|a анализ
|
| 610 |
1 |
|
|a финансовые активы
|
| 610 |
1 |
|
|a портфельный анализ
|
| 610 |
1 |
|
|a ценообразование
|
| 610 |
1 |
|
|a арбитражная теория
|
| 610 |
1 |
|
|a диверсификация
|
| 610 |
1 |
|
|a хеджирование
|
| 610 |
1 |
|
|a страхование
|
| 610 |
1 |
|
|a опционы
|
| 610 |
1 |
|
|a финансовая устойчивость
|
| 610 |
1 |
|
|a финансовые показатели
|
| 610 |
1 |
|
|a прогнозирование
|
| 610 |
1 |
|
|a учебные пособия
|
| 686 |
|
|
|a У9(2)261.1я73
|v LBC/SL-A
|2 rubbk
|
| 700 |
|
1 |
|a Новиков
|b А. И.
|
| 701 |
|
1 |
|a Солодкая
|b Т. И.
|
| 801 |
|
1 |
|a RU
|b 63413507
|c 20120123
|
| 801 |
|
2 |
|a RU
|b 63413507
|c 20230620
|g RCR
|
| 942 |
|
|
|c BK
|
| 959 |
|
|
|a 2/20120123
|d 2
|e 184,80
|f ЧЗГЛ:1
|f АНЛ:1
|